Hard cash valley. #3 / Brian Panowich.
Available copies
- 2 of 2 copies available at LARL/NWRL Consortium.
- 2 of 2 copies available at Lake Agassiz Regional Library. (Show preferred library)
Current holds
0 current holds with 2 total copies.
Show Only Available Copies
| Location | Call Number / Copy Notes | Barcode | Shelving Location | Status | Due Date |
|---|---|---|---|---|---|
| Ada Public Library | PAN (Text) | 33500013243688 | Main | Available | - |
| Crookston Public Library | PAN (Text) | 33500013243696 | Main | Available | - |
Record details
- ISBN: 9781250206923
- ISBN: 1250206928
- Physical Description: 292 pages ; 25 cm
- Edition: First Edition.
- Publisher: New York : Minotaur Books, 2020.
Content descriptions
| Summary, etc.: | "Dane Kirby is a broken man and no stranger to ... Read More |
Search for related items by subject
| Subject: | Murder > Investigation > Fiction. Secrecy > Fiction. Asperger's syndrome > Fiction. Jacksonville (Fla.) > Fiction. |
| Genre: | Mystery fiction. Detective and mystery fiction. Noir fiction. |
Search for related items by series
| LDR | 02459cam a22004098i 4500 | ||
|---|---|---|---|
| 001 | 338162 | ||
| 003 | LARL_NWRL_CONSORTIUM | ||
| 005 | 20200518215436.0 | ||
| 008 | 191227s2020 nyu 000 1 eng | ||
| 010 | . | ‡a 2019059173 | |
| 040 | . | ‡aDLC ‡beng ‡erda ‡cDLC ‡dBDX ‡dLW1 ‡dVCQ ‡dNZAUC | |
| 020 | . | ‡a9781250206923 ‡q(hardcover) | |
| 020 | . | ‡a1250206928 ‡q(hardcover) | |
| 020 | . | ‡z9781250206930 ‡q(ebook) | |
| 035 | . | ‡a(OCoLC)1134461213 | |
| 042 | . | ‡apcc | |
| 082 | 0 | 0. | ‡a813/.6 ‡223 |
| 100 | 1 | . | ‡aPanowich, Brian, ‡eauthor. |
| 245 | 1 | 0. | ‡aHard cash valley. ‡n#3 / ‡cBrian Panowich. |
| 250 | . | ‡aFirst Edition. | |
| 264 | 1. | ‡aNew York : ‡bMinotaur Books, ‡c2020. | |
| 300 | . | ‡a292 pages ; ‡c25 cm | |
| 336 | . | ‡atext ‡btxt ‡2rdacontent | |
| 337 | . | ‡aunmediated ‡bn ‡2rdamedia | |
| 338 | . | ‡avolume ‡bnc ‡2rdacarrier | |
| 490 | 0 | . | ‡aBull Mountain ; ‡v3 |
| 520 | . | ‡a"Dane Kirby is a broken man and no stranger to tragedy. As a life-long resident and ex-arson investigator for McFalls County, Dane has lived his life in one of the most chaotic and crime-ridden regions of the south. When he gets called in to consult on a brutal murder in a Jacksonville, Florida, motel room, he and his FBI counterpart, Special Agent Roselita Velasquez, begin an investigation that leads them back to the criminal circles of his own backyard. Arnie Blackwell's murder in Jacksonville is only the beginning - and Dane and Roselita seem to be one step behind. For someone is hacking a bloody trail throughout the Southeast looking for Arnie's younger brother, a boy with Asperger's Syndrome who possesses an unusual skill with numbers that could make a lot of money and that has already gotten a lot of people killed - and has even more of the deadliest people alive willing to do anything it takes to exploit him. As Dane joins in the hunt to find the boy, it swiftly becomes a race against the clock that has Dane entangled in a web of secrets involving everyone from the Filipino Mafia to distrusting federal agents to some of hardest southern outlaws he's ever known"--Provided by publisher. | |
| 650 | 0. | ‡aMurder ‡xInvestigation ‡vFiction. ‡0(LARL_NWRL_CONSORTIUM)166203 | |
| 650 | 0. | ‡aSecrecy ‡vFiction. ‡0(LARL_NWRL_CONSORTIUM)167261 | |
| 650 | 0. | ‡aAsperger's syndrome ‡vFiction. | |
| 651 | 0. | ‡aJacksonville (Fla.) ‡vFiction. | |
| 655 | 7. | ‡aMystery fiction. ‡2gsafd | |
| 655 | 7. | ‡aDetective and mystery fiction. ‡2lcgft | |
| 655 | 7. | ‡aNoir fiction. ‡2lcgft | |
| 901 | . | ‡a338162 ‡bOCoLC ‡c338162 ‡tbiblio ‡soclc | |

Add to basket
Permalink
Enable Highlighting